Una historia de las matemáticas para jóvenes: desde la Antigüedad hasta el Renacimiento

Sábháilte in:
Sonraí bibleagrafaíochta
Príomhchruthaitheoirí: Moreno Castillo, Ricardo (autor), Vegas Montaner, José Manuel (Údar)
Formáid: LEABHAR
Teanga:Spáinnis
Foilsithe / Cruthaithe: Nivola Libros y Ediciones S. L 2009
Eagrán:2a. ed
Ábhair:
Clibeanna: Cuir clib leis
Níl clibeanna ann, Bí ar an gcéad duine le clib a chur leis an taifead seo!

MARC

LEADER 00000cam a2200000 a 4500
001 UCF9445
003 CL-VaPUC
008 131125e20090000sp |||||||||||||||||spa|d
020 |a 9788492493364 
082 0 4 |a 510.9  |b MOR  |2 21 
100 |a Moreno Castillo, Ricardo  |e autor  |9 571748 
700 0 |a Vegas Montaner, José Manuel  |e author  |9 571749 
245 1 4 |a Una historia de las matemáticas para jóvenes: desde la Antigüedad hasta el Renacimiento 
250 |a 2a. ed 
300 |a 218 p 
942 |c BK 
945 |d 20131125 03:22:00  |a dcastane 
260 |b Nivola Libros y Ediciones S. L  |c 2009 
650 0 |a Historia de las matemáticas   |9 265664 
650 0 |a Matemática  |9 260235 
650 7 |a MATEMATICOS  |2 CL-VaPUC  |9 266065 
583 |a last modification  |c 20131125 03:22:00  |k Rodrigo Vera 
999 |c 353888  |d 353886